000 00409nam a2200181Ia 4500
008 230524s9999 xx 000 0 und d
020 _a8178080486
082 _bLIP
100 _aB.Lippman Stanley
245 0 _aC++ Primer
250 _a3RD
260 _aNEW DELHI
_bPearson
_c2004
300 _aXXII;1237
500 _aQuantity Number: 2
650 _aComp-Sc
700 _a Jose Lajoie
942 _cBK
999 _c4839
_d4839